Podział administracyjny Nauru - Statystyki

Ogólne statystyki
  • Ten quiz został rozwiązany 60 razy
  • Średni wynik to 9 z 14
Statystyki odpowiedzi
Hint Okręg % Poprawnych
Okręg Yaren
89%
Okręg Ewa
75%
Okręg Anibare
71%
Okręg Anabar
64%
Okręg Anetan
61%
Okręg Boe
61%
Okręg Ijuw
61%
Okręg Aiwo
57%
Okręg Nibok
57%
Okręg Baiti
54%
Okręg Buada
54%
Okręg Denigomodu
54%
Okręg Uaboe
50%
Okręg Meneng
46%
Nie znaleziono quizów pasujących do podanych kryteriów
Rozkład punktacji
Procent ludzi z każdym wynikiem
Percentyl według liczby udzielonych odpowiedzi
Twoja historia wyników
Nie rozwiązałeś tego quizu